Speedy Math Quiz Stats

 Plays Quiz not verified by Sporcle

Challenge
Share
Tweet
Embed
Score 0/40 Timer 03:00
0 Plays Today
Equation Answer % Correct
3 * 4 = ?12
80.2%
3 * 4 * 5 = ?60
79.1%
3 - ? = 30
78.9%
12 / ? = 26
78.8%
16 - 7 = ?9
78.6%
2 + ? = 119
78.2%
0 * 4 = ?0
78.1%
17 + 26 = ?43
77.5%
1 * 8 = ?8
77.3%
17 + 2 = ?19
76.3%
16 / ? = 44
76.1%
72 - 53 = ?19
75.9%
5 * 9 = ?45
75.6%
7 + 7 + 7 + 8 = ?29
75.6%
? + 3 = 85
75.2%
? + 4 = 2218
74.9%
90 / 5 = ?18
74.9%
19 + ? = 5738
74.9%
5 * 2 - ? = 37
74.9%
3 + 7 = ?10
74.5%
Equation Answer % Correct
? / 6 = 954
74.3%
16 * 10 - 2 = ?158
74.3%
44 - ? = 1727
73.1%
2 - 8 / 4 = ?0
72.7%
1 + 3 + 5 + 7 = ?16
72%
4 * 2 * 3 - 15 = ?9
71.9%
66 / ? + 4 = 156
71.2%
9 + 3 * ? = 183
70.8%
76 / ? = 194
69.4%
22 * ? = 1326
68.5%
45 / ? - 11 = 43
68%
4 * 8 - 18 / 6 = ?29
66.9%
43 - ? + 16 = 527
66.4%
6 + ? + 24 / 3 = 2713
64.6%
111 + 222 / 2 + 111 = ?333
61.8%
9 * ? + 100 / 4 = 523
61.1%
16 / 2 - 2 * ? = 80
60.5%
92 - 37 - 22 + 15 = ? 48
59.8%
3 - 9 + 45 - ? = 1722
58.8%
? / 4 - 6 - 2 = 864
58.6%

You're not logged in!

Compare scores with friends on all Sporcle quizzes.
OR
Log In

You Might Also Like...

Show Comments

Extras

Curator's Pick Jun 4, 2013ReportNominate
Tags:Math Quiz, Numbers Quiz, equation, speedy

Top Quizzes Today


Score Distribution

Your Account Isn't Verified!

In order to create a playlist on Sporcle, you need to verify the email address you used during registration. Go to your Sporcle Settings to finish the process.

Report this User

Report this user for behavior that violates our Community Guidelines.

Details: